00917nam a2200193Ia 4500003000400000005001700004008004100021020001500062040002100077041000800098082002500106100003400131245012400165260003900289300006000328505025500388650003300643650004700676OSt20201007182541.0191128s2006 sp ad gr 000 0 spa d a8423424731 aCO-JMCRcCO-JMCR0 aspa04a658.02 / bG536e2231 aGittell, Jody Hoffer, eautor13aEl estilo soyhwest Airlines : bcómo gestionar las relaciones para obtener un gran rendimiento /cJody Hoffer Gittell aEspaña : bMcGranw Hill, c2006. a310 páginas : bdiagramas a blanco y negro ; c25 cm.0 aDe love field a la aerolinia de mayor éxito del mundo -- De cómo Southwest utiliza las relaciones de alto rendimiento para superar los desafios estratetégicos -- Southwest frente a American Airlines-- Invertir en la dirección de primera linea24aAerolíneaszEstados Unidos24aGestión administraciónzEstados Unidos